LEADER 01946oam 2200493Ia 450 001 9910705438903321 005 20150212111547.0 035 $a(CKB)5470000002450999 035 $a(OCoLC)894997744 035 $a(EXLCZ)995470000002450999 100 $a20141111d2014 ua 0 101 0 $aeng 135 $aurmn||||||||| 181 $ctxt$2rdacontent 182 $cc$2rdamedia 183 $acr$2rdacarrier 200 10$aAnalyzing effects of turbulence on power generation using wind plant monitoring data$b[electronic resource] $epreprint /$fJie Zhang, Souma Chowdhury, Bri-Mathias Hodge 210 1$a[Golden, Colo.] :$cNational Renewable Energy Laboratory,$d[2014] 215 $a1 online resource (14 pages) $ccolor illustrations 225 1 $aNREL/CP ;$v5D00-60989 300 $aTitle from title screen (viewed Nov. 11, 2014). 300 $a"January 2014." 300 $a"To be presented at the AIAA Science and Technology Forum and Exposition, National Harbor, Maryland, January 13-17, 2014." 320 $aIncludes bibliographical references (pages 13-14). 517 $aAnalyzing effects of turbulence on power generation using wind plant monitoring data 606 $aWind power$xResearch$vCongresses 606 $aWind power plants$xResearch$vCongresses 606 $aTurbulence$xResearch$vCongresses 608 $aConference papers and proceedings.$2lcgft 615 0$aWind power$xResearch 615 0$aWind power plants$xResearch 615 0$aTurbulence$xResearch 700 $aZhang$b Jie$0639315 701 $aChowdhury$b Souma$01417615 701 $aHodge$b Bri-Mathias$01388040 712 02$aNational Renewable Energy Laboratory (U.S.) 801 0$bSOE 801 1$bSOE 801 2$bOCLCO 801 2$bGPO 906 $aBOOK 912 $a9910705438903321 996 $aAnalyzing effects of turbulence on power generation using wind plant monitoring data$93526576 997 $aUNINA LEADER 04319 am 2200793 n 450 001 9910495803503321 005 20240104030502.0 010 $a2-7535-6316-0 024 7 $a10.4000/books.pur.68351 035 $a(CKB)4100000008284008 035 $a(FrMaCLE)OB-pur-68351 035 $a(PPN)26795879X 035 $a(EXLCZ)994100000008284008 100 $a20190522j|||||||| ||| 0 101 0 $afre 135 $auu||||||m|||| 200 00$aVieillesses et vieillissements$eRegards sociologiques$fVincent Caradec, Isabelle Mallon, Cornelia Hummel 210 $aRennes$cPresses universitaires de Rennes$d2018 215 $a1 online resource (408 p.) 311 $a2-7535-2946-9 330 $aL'allongement de la durée de vie et le poids démographique croissant des personnes âgées au sein des sociétés occidentales ont constitué la vieillesse et le vieillissement comme des problèmes politiques et sociaux majeurs. Les regards sociologiques sur la diversité de la vieillesse et du vieillissement rassemblés dans cet ouvrage partagent une perspective commune : substituer au problème social et politique de la vieillesse entendue comme un fardeau un questionnement sociologique qui déplace le regard habituellement porté sur la vieillesse et sur les vieux, et déconstruire les représentations majoritairement négatives de la dernière partie de l'existence. Les différentes contributions rappellent ainsi que la vieillesse est une construction sociale et politique, dont les caractéristiques et les catégorisations varient selon les sociétés. Elles proposent également une image plus complexe et moins unifiée des personnes âgées, en mettant en évidence les variations sociales de leurs pratiques et de leurs modes de vie. Enfin, elles s'attachent à rendre compte des expériences différenciées de l'avancée en âge à la fin du parcours de vie, c'est-à-dire des formes variées que prend le vieillissement selon les appartenances et les trajectoires sociales des individus. Cet ouvrage propose ainsi un panorama des acquis de la recherche sociologique francophone sur les vieillesses et les vieillissements tels qu'ils sont socialement structurés dans nos sociétés. Ce faisant, il cherche à ouvrir des perspectives de réflexion et de recherche, tant aux étudiants qu'aux chercheurs ou aux praticiens intéressés par ces thématiques. 606 $aSociology 606 $avieillesse 606 $areprésentations sociales 606 $asociologie 615 4$aSociology 615 4$avieillesse 615 4$areprésentations sociales 615 4$asociologie 700 $aAnchisi$b Annick$01298332 701 $aArgoud$b Dominique$01298333 701 $aAttias-Donfut$b Claudine$0141922 701 $aBéliard$b Aude$01298322 701 $aBickel$b Jean-François$01457977 701 $aBihan$b Blanche Le$01457978 701 $aBorgne-Uguen$b Françoise Le$01457979 701 $aCampéon$b Arnaud$01298337 701 $aCaradec$b Vincent$01238223 701 $aCardon$b Philippe$01299641 701 $aChamahian$b Aline$01298338 701 $aCharpentier$b Michèle$01298339 701 $aDebons$b Jérôme$01331774 701 $aEnnuyer$b Bernard$01286298 701 $aGojard$b Séverine$01299674 701 $aGuillemard$b Anne-Marie$0216746 701 $aHenaff-Pineau$b Pia$01457980 701 $aHugentobler$b Valérie$01454127 701 $aHummel$b Cornelia$01457981 701 $aLavoie$b Jean-Pierre$01457982 701 $aLebreton$b Christelle$01457983 701 $aLeimgruber$b Matthieu$01156256 701 $aMallon$b Isabelle$01287007 701 $aMantovani$b Jean$01457984 701 $aMarier$b Patrik$01457985 701 $aMartin$b Claude$0385237 701 $aMembrado$b Monique$01314487 701 $aMoulaert$b Thibauld$01114249 701 $aNgatcha-Ribert$b Laëtitia$01454131 701 $aNowik$b Laurent$01310654 701 $aOgg$b Jim$01306565 701 $aPuijalon$b Bernadette$01457986 701 $aQuéniart$b Anne$01298356 701 $aRenaut$b Sylvie$01308806 701 $aTrincaz$b Jacqueline$0244798 801 0$bFR-FrMaCLE 906 $aBOOK 912 $a9910495803503321 996 $aVieillesses et vieillissements$93658151 997 $aUNINA